Les Jeux sont faits Vocabulary pp. 1-4 Quiz Stats

 Plays Quiz not verified by Sporcle

Support Sporcle.
Go Orange.
Score 0/50 Timer 10:00
0 Plays Today
French Word English Word % Correct
appelerto call
81.8%
ouvrirto open
81.6%
découvrirto discover, uncover
79.7%
or (m.)gold
77.7%
loup (m.)wolf
77%
doucementsoftly, sweetly, mildly, gently
74.1%
devenirto become
73.3%
pas (m.)step
73.1%
glisserto slip, slide
72.9%
entendreto hear
72.7%
genou (m.)knee
72.4%
avoir besoin deto need
71.8%
le lendemainthe next day
71.8%
habillé(e)dressed
71.6%
bruit (m.)noise
70.6%
espoirhope
70.2%
gratterto scratch, scrape
69.3%
larmes (f.pl.)tears
68.9%
soudainsuddenly
68.7%
fou (fol), follecrazy, mad, insane
68.1%
tirerto pull, draw, shoot
67.9%
exprimerto express
67.4%
verserto pour
66.8%
éclaterto burst, break out
66.4%
brillerto shine
66.2%
French Word English Word % Correct
goutte (f.)drop
64.5%
agacé(e)annoyed, irritated
64.1%
dehorsoutside
63.9%
guérirto cure, get well
63.9%
s'endormirto go to sleep
63.7%
désespoir (m.)despair
63.7%
coup (m.) d'oeilglance
63.5%
manche (f.)sleeve
62.4%
éclater en sanglotsto burst into sobs
62.4%
tendu(e)tense
61.8%
vêtu(e)dressed
61.6%
lentementslowly
60.7%
se pencherto lean over
59.9%
gémirto moan, groan
59.1%
paraîtreto appear, seem
58.3%
aussitôt queas soon as
58%
contournerto go around
57.4%
quoiquealthough
55.7%
appuyé(e)leaning
54.7%
tant queas long as
54.7%
se redresserto straighten back up
54.3%
soucieuxworried
53.9%
secouerto shake
53%
douleur (f.)sorrow, grief, pain
47.4%
demeurerto stay, remain, live
45.5%

You're not logged in!

Compare scores with friends on all Sporcle quizzes.
OR
Log In

From the Vault

James Bond Geography

by PumpkinBomb

If you do poorly on this quiz, all we can offer you is a Quantum of Solace.
Remove Ads.
Support Sporcle.
Get the best of Sporcle when you Go Orange. This ad-free experience offers more features, more stats, and more fun while also helping to support Sporcle. Thank you for becoming a member.

Show Comments

Extras

Top Quizzes Today


Score Distribution

Your Account Isn't Verified!

In order to create a playlist on Sporcle, you need to verify the email address you used during registration. Go to your Sporcle Settings to finish the process.

Report this User

Report this user for behavior that violates our Community Guidelines.

Details: